<?xml version="1.0" encoding="UTF-8"?><?xml-stylesheet type="text/xsl" href="static/style.xsl"?><OAI-PMH xmlns="http://www.openarchives.org/OAI/2.0/" xmlns:xsi="http://www.w3.org/2001/XMLSchema-instance" xsi:schemaLocation="http://www.openarchives.org/OAI/2.0/ http://www.openarchives.org/OAI/2.0/OAI-PMH.xsd"><responseDate>2026-04-29T23:03:49Z</responseDate><request verb="GetRecord" identifier="oai:repisalud.isciii.es:20.500.12105/16900" metadataPrefix="marc">https://repisalud.isciii.es/rest/oai/request</request><GetRecord><record><header><identifier>oai:repisalud.isciii.es:20.500.12105/16900</identifier><datestamp>2024-05-29T11:54:27Z</datestamp><setSpec>com_20.500.12105_2203</setSpec><setSpec>com_20.500.12105_2202</setSpec><setSpec>col_20.500.12105_19505</setSpec></header><metadata><record xmlns="http://www.loc.gov/MARC21/slim" xmlns:dcterms="http://purl.org/dc/terms/" xmlns:doc="http://www.lyncode.com/xoai" xmlns:xsi="http://www.w3.org/2001/XMLSchema-instance" xsi:schemaLocation="http://www.loc.gov/MARC21/slim http://www.loc.gov/standards/marcxml/schema/MARC21slim.xsd">
   <leader>00925njm 22002777a 4500</leader>
   <datafield ind2=" " ind1=" " tag="042">
      <subfield code="a">dc</subfield>
   </datafield>
   <datafield ind2=" " ind1=" " tag="720">
      <subfield code="a">Instituto de Salud Carlos III. Centro Nacional de Epidemiología</subfield>
      <subfield code="e">author</subfield>
   </datafield>
   <datafield ind2=" " ind1=" " tag="260">
      <subfield code="c">2022-11-20</subfield>
   </datafield>
   <datafield ind2=" " ind1=" " tag="520">
      <subfield code="a">Se intensifica la circulación de gripe y VRS. Persiste el aumento en las incidencias en Atención Primaria y en las tasas de hospitalización por gripe y VRS. La tasa global en la semana 46/2022 se sitúa en 773,4 casos de IRAs por 100.000 habitantes. El porcentaje de positividad de IRAs a SARS-CoV-2, gripe y VRS es de 14,7%, 15,1% y 13,9% respectivamente. Aumentan las tasas de síndrome gripal y 
bronquiolitis, especialmente en menores de 15 años y menores de 5 años, respectivamente.</subfield>
   </datafield>
   <datafield ind1="8" ind2=" " tag="024">
      <subfield code="a">Informe elaborado por el Grupo de Vigilancia de la Gripe. Red Nacional de Vigilancia Epidemiológica Servicio de Vigilancia Epidemiológica. Centro Nacional de Epidemiología</subfield>
   </datafield>
   <datafield ind1="8" ind2=" " tag="024">
      <subfield code="a">http://hdl.handle.net/20.500.12105/16900</subfield>
   </datafield>
   <datafield tag="653" ind2=" " ind1=" ">
      <subfield code="a">Gripe</subfield>
   </datafield>
   <datafield tag="653" ind2=" " ind1=" ">
      <subfield code="a">Vigilancia Epidemiológica</subfield>
   </datafield>
   <datafield ind2="0" ind1="0" tag="245">
      <subfield code="a">Vigilancia centinela de Infección Respiratoria Aguda en Atención Primaria (IRAs) y en Hospitales (IRAG)  Gripe, COVID-19 y otros virus respiratorios. Semana 46/2022 (del 14 al 20 de noviembre de 2022) Nº 106. 23 de noviembre de 2022</subfield>
   </datafield>
</record></metadata></record></GetRecord></OAI-PMH>